| 000 | 01327nam a2200337 c 4500 | ||
|---|---|---|---|
| 999 |
_c346780 _d346780 |
||
| 003 | BLK | ||
| 005 | 20220613115047.0 | ||
| 008 | 180409b bul|||||r ||||||| ||bul|| | ||
| 010 | _aKNG00113090000 | ||
| 020 | _a978-619-7354-21-8 | ||
| 040 | _aBLK | ||
| 041 |
_aBUL _cBUL |
||
| 080 |
_aБългарска литература _b821.163.2 _x-312.9 _z821.163.2-312.9 |
||
| 100 | 1 |
_aПавлова, Елена _eпърви автор _9365123 |
|
| 139 |
_aПавлова, Елена _bП 13 |
||
| 245 | 1 | 0 |
_aБелязани лебеди _bРазкази _cЕлена Павлова. |
| 257 | _aBGR | ||
| 260 |
_bGaiana Book Art Studio _c2017 _9214217 _aРусе _n978-619-7354- ; 978-954-92465- ; 978-954-8633- ; 978-954-903 |
||
| 300 |
_a280 с. _c20 см |
||
| 380 | _aX | ||
| 490 |
_aКолекция Дракус _v19 _9208389 |
||
| 653 | _aромани | ||
| 852 |
_bП _cП 886.7-32/П 13 |
||
| 856 | 4 | _qpdf | |
| 856 | 4 | _qpdf | |
| 942 |
_cKNG _n0 _s1 _07 |
||